| 000 | 00380nam a2200121 4500 | ||
|---|---|---|---|
| 999 |
_c12172 _d12172 |
||
| 008 | 190117b ||||| |||| 00| 0 eng d | ||
| 100 |
_934477 _aMiraflor, Madelaine B. |
||
| 245 |
_aGovernment mulls adopting SRP on sugar/ _cMadelaine B. Miraflor |
||
| 260 |
_aPhilippines _bManila Bulletin _cc2018 |
||
| 300 | _apage B-3. | ||
| 650 | 0 |
_934478 _aEconomic conditions. |
|
| 942 |
_2ddc _cPER |
||